Statistiques concernant Personnes célèbres des Hauts de France

Cliquez ici pour prendre le quiz!

Statistiques générales

  • Ce quiz a été pris 87 fois
  • Le résultat moyen est 6 sur 13

Statistiques - réponses

IndiceVille d'originePersonnalité% Correct
Général puis président dont le nom est donné à de nombreuses grandes places françaises.LilleCharles de Gaulle
97%
Poète star dès les années 1660 grâce à ses "Fables" et autres contes moralistesChâteau-ThierryJean de La Fontaine
77%
Révolutionnaire montagnard guillotiné en juillet 1794.ArrasMaximilien Robespierre
74%
Humoriste et réalisateur du film français avec le meilleur résultat au box office de l'histoireArmentièresDanny Boon
73%
Acteur et réalisateur de comédies, il est grand, blond et a des chaussures noires.ValenciennesPierre Richard
67%
Second poteau ... !!!MaubeugeBenjamin Pavard
64%
Elle chantera jusqu'au dernier jour du disco.LilleJuliette Armanet
42%
Sculptrice expressionniste amie d'Auguste Rodin et célèbre pour ses portraits en bronze ou en marbre.Fère-en-TardenoisCamille Claudel
41%
Peintre majeur fauviste du XXe siècle faisant de sa peinture un projet de simplification et stylisation de la couleurLe Cateau-CambrésisHenri Matisse
18%
Actrice récurrente de "films ch'tis" et du rôle de mère au foyer de la famille Lepic.SomainValérie Bonneton
15%
Issue du parti des Verts, elle fut secrétaire d’État puis ministre de la transition écologique dans le gouvernement Castex.Bois-BernardBarbara Pompili
12%
Héroïne de Beauvais célébrée pour sa bravoure à résister lors du siège de la ville par Charles le téméraire et surnommée selon son arme de prédilection.BeauvaisJeanne Hachette
9%
Autrice de livres pour enfants comme "la belle Adèle"RoubaixMarie Desplechin
0%

Distribution des résultats

Percentile par nombre de réponses

% des personnes avec chaque résultat

Votre développement - résultats

Vous n’avez pas pris ce quiz